000 00586nam a2200193Ia 4500
003 OSt
005 20250926154533.0
008 220923b |||||||| |||| 00| 0 eng d
037 _cReference
040 _aRTL
_cRTL
_beng
041 _2eng
_aeng
084 _aR2, J8/SC
_qRTL
100 _aToulmin, Stepheri Edelston
_9249715
245 0 _aUses of argument.
260 _aCambridge
_bCambridge University Press
_c1964
300 _avi,264 p.
_ccm.
_bIncludes bibliographical references and index.
942 _hR2, J8/SC
_cREF
_2CC
_n0
999 _c494607
_d494607